Ładuje się......

Shikhar ki dhalan

Opis bibliograficzny
1. autor: Tarun Tezpal
Wydane: Radha Publications
LEADER 00175 a2200085 4500
100 |a Tarun Tezpal 
245 |a Shikhar ki dhalan 
260 |b Radha Publications 
942 |c BK  |6 _ 
999 |c 67429  |d 67429